|
|
|
|
| LEADER |
00000nab a2200000 ar4500 |
| 001 |
vtls010121801 |
| 003 |
SK-MaSNL |
| 005 |
20260305031151.0 |
| 008 |
100809c20091103xo mr|p|||||||000 b|slo |
| 038 |
|
|
|a SNSK
|
| 040 |
|
|
|b slo
|c SNSK
|e AACR2
|
| 041 |
|
|
|a slo
|
| 044 |
|
|
|a xo
|c SK
|
| 080 |
|
|
|a 351.745
|x (437.678)
|x (061.13)
|2 2001
|
| 080 |
|
|
|a 331.108.3
|2 2001
|
| 245 |
0 |
0 |
|a Dočkali sa dlho očakávanej zmeny
|c [autor](sv)
|
| 610 |
1 |
7 |
|a Krompachy (Slovensko).
|b Obvodné oddelenie Policajného zboru
|2 snsk
|9 1269149
|
| 650 |
0 |
7 |
|a štatúty
|2 snsk
|9 366878
|
| 650 |
0 |
7 |
|a personálne zmeny
|2 snsk
|9 1016550
|
| 650 |
0 |
7 |
|a prijímanie pracovníkov
|2 snsk
|9 1025351
|
| 651 |
|
7 |
|a Krompachy (Slovensko)
|2 snsk
|9 43389
|
| 651 |
|
7 |
|a Spišská Nová Ves (Slovensko : okres)
|2 snsk
|9 22259
|
| 773 |
0 |
|
|t Spišské hlasy
|g Roč. X., č. 11 (3. novembra 2009), s. 2
|
| 852 |
|
|
|a SNSK
|b KIS3GCP
|
| 999 |
|
|
|c 3315021
|d 3316951
|